| Tag |
First Indicator |
Second Indicator |
Subfields |
| LEADER |
00000cam a2200000 a 4500 |
| 001 |
in00002509713 |
| 005 |
20151113113846.0 |
| 008 |
850925s1986 nyuaf 001 0beng |
| 010 |
|
|
|a 85025086
|
| 020 |
|
|
|a 0312518870
|
| 020 |
|
|
|a 9780312518875
|
| 029 |
1 |
|
|a NZ1
|b 3107639
|
| 029 |
1 |
|
|a AU@
|b 000004566715
|
| 035 |
|
|
|a (OCoLC)ocm12694511
|
| 035 |
|
|
|a (OCoLC)12694511
|
| 040 |
|
|
|a DLC
|c DLC
|d BTCTA
|d BAKER
|d YDXCP
|d OCLCG
|d UtOrBLW
|
| 043 |
|
|
|a n-us---
|
| 049 |
|
|
|a TXAM
|
| 050 |
0 |
0 |
|a PN2287.M697
|b B36 1986
|
| 082 |
1 |
4 |
|a 791.45/028/0924
|a B
|2 19
|
| 100 |
1 |
|
|a Bonderoff, Jason.
|
| 245 |
1 |
0 |
|a Mary Tyler Moore /
|c Jason Bonderoff.
|
| 250 |
|
|
|a 1st ed.
|
| 264 |
|
1 |
|a New York :
|b St. Martin's Press,
|c [1986]
|
| 264 |
|
4 |
|c ©1986
|
| 300 |
|
|
|a 200 pages, 14 unnumbered pages of plates :
|b illustrations ;
|c 22 cm.
|
| 336 |
|
|
|a text
|b txt
|2 rdacontent
|
| 337 |
|
|
|a unmediated
|b n
|2 rdamedia
|
| 338 |
|
|
|a volume
|b nc
|2 rdacarrier
|
| 500 |
|
|
|a Includes index.
|
| 600 |
1 |
0 |
|a Moore, Mary Tyler,
|d 1936-
|
| 650 |
|
0 |
|a Entertainers
|z United States
|v Biography.
|
| 938 |
|
|
|a Baker and Taylor
|b BTCP
|n 85025086
|c $13.95
|
| 938 |
|
|
|a Baker & Taylor
|b BKTY
|c 13.95
|d 10.46
|i 0312518870
|n 0001014376
|s active
|
| 938 |
|
|
|a YBP Library Services
|b YANK
|n 190880
|
| 948 |
|
|
|a cataloged
|b h
|c 2009/11/13
|d c
|e agaffey
|f 8:46:41 am
|
| 994 |
|
|
|a C0
|b TXA
|
| 999 |
|
|
|a MARS
|
| 999 |
f |
f |
|s ab4daaf6-f8bb-3a84-a5fb-059d1da420af
|i 64005dc4-8587-37b5-969b-90ae07e90d6b
|t 0
|
| 952 |
f |
f |
|p ric
|a Texas A&M University
|b Rellis Campus
|c Joint Library Facility
|d Remote Storage
|t 0
|e PN2287.M697 B36 1986
|h Library of Congress classification
|i unmediated -- volume
|m A14808626988
|
| 998 |
f |
f |
|a PN2287.M697 B36 1986
|t 0
|l Remote Storage
|